Vizualizácia 3D objektov a dát v mobilnej aplikácii s využitím technológie Ionic
Enregistré dans:
| Auteur principal: | |
|---|---|
| Autres auteurs: | |
| Format: | Manuscrit Livre |
| Langue: | slovaque |
| Publié: |
2019
|
| Sujets: | |
| Accès en ligne: | http://is.stuba.sk/zp/portal_zp.pl?podrobnosti=125674 |
| Tags: |
Pas de tags, Soyez le premier à ajouter un tag!
|
MARC
| LEADER | 00000ntm a22000003a 4500 | ||
|---|---|---|---|
| 001 | stuzp71542 | ||
| 003 | SK-STU | ||
| 005 | 20190902111746.5 | ||
| 007 | ta | ||
| 008 | 150427s2015----xo-----f-mn---000-0-slo-d | ||
| 040 | |a STU |b slo | ||
| 041 | 0 | |a slo | |
| 044 | |a xo | ||
| 100 | 1 | |a Trnavský, Miroslav |u 035000 |4 aut |U FEI Fakulta elektrotechniky a informatiky |T FEI Ústav informatiky a matematiky |X 81497 |U E050 |Y 816 |7 81497 | |
| 242 | 0 | 1 | |a Visualization of 3D objects and data in mobile application using Ionic technology |y eng |
| 245 | 1 | 0 | |a Vizualizácia 3D objektov a dát v mobilnej aplikácii s využitím technológie Ionic |
| 260 | |c 2019 | ||
| 300 | |a 33 s., |b CD-ROM | ||
| 650 | 4 | |a Somaton |2 slo | |
| 650 | 4 | |a antropometria |2 slo | |
| 650 | 4 | |a fotogrametria |2 slo | |
| 650 | 4 | |a Ionic |2 slo | |
| 650 | 4 | |a Somaton |2 eng | |
| 650 | 4 | |a Anthropometry |2 eng | |
| 650 | 4 | |a photogrammetry |2 eng | |
| 650 | 4 | |a Ionic |2 eng | |
| 700 | 1 | |a Stark, Erich |u 030400 |k Z3 |4 ths |U FEI Fakulta elektrotechniky a informatiky |T FEI Ústav automobilovej mechatroniky |X 6041 |U E400 |Y 642 |7 A000006041 | |
| 856 | 4 | |u http://is.stuba.sk/zp/portal_zp.pl?podrobnosti=125674 | |
| 996 | |b 284ER03011 |c E*Bc- 3011 |l EE35 |s P |a 0 |w stuzp71542_0001 | ||